000 00701nam a2200253Ia 4500
003 OSt
005 20220924122533.0
006 a|||||r|||| 00| 0
007 ta
008 220923b |||||||| |||| 00| 0 urd d
024 _a321862
037 _cTextual
040 _aARTS
_cARTS
_burd
041 _2urd
_aurd
082 _aQ7:353, 168K7
100 _aNomani Mohammad Manzoor Au.
_9189826
245 0 _aKalam-e-tayyaba ki haqiqat
260 _aLuckhnow
_bKutub khana-e-al-furqan India
_c1967
300 _a48p.
_ccm.
650 _a THEOLOGY
650 _aISLAM
_9577
942 _hQ7:353, 168K7
_cTEXL
_2CC
999 _c412031
_d412031